000 01519nam a2200241Ia 4500
003 Ost
005 20260507075342.0
008 260507s9999||||xx |||||||||||||| ||und||
020 _a88123289779
040 _cfsecg
041 _aara
082 _a330
100 _aقاسم، طه أحمد علي
_eمؤلف
245 0 _aأحكام التحكيم في منظمة التجارة العالمية :
_bدراسة نظرية تطبيقية لآلية الإنفاذ /
_c طه أحمد علي قاسم
260 _aالإسكندرية:
_bدار الجامعة الجديدة للنشر,
_c2012
300 _a581 صفحة؛
_bإيضاحات ؛
_c24 سم
520 _aالأساس القانوني للإمتثال- الطبيعة القانونية للتدابير المضادة في إطار النظام القانوني لمنظمة التجارة العالمية- المبادئ العامة الحاكمة للتدابير المضادة في منظمة التجارة العالمية- الشروط القانونية الواجبة للترخيص بإتخاذ التدابير المضادة في منظمة التجارة العالمية - تطبيق التدابير المضادة في إطار تسوية منازعات التجارة الدولية- التحديات والحلول المقترحة
653 _aالتجارة العالمية
653 _aالتحكيم
653 _aالتحكيم الدولي
653 _aمنظمة التجارة العالمية
942 _cكتاب
999 _c44097
_d44097